| 000 | 00632nam a22002057a 4500 | ||
|---|---|---|---|
| 005 | 20171115154004.0 | ||
| 010 | _aENG-121413 | ||
| 020 |
_c325.00 _a9789325984219 |
||
| 035 | _aEN-104945 | ||
| 037 | _bDBAD/PUB | ||
| 082 | _a620.106 | ||
| 100 | _aMandal,D.K. | ||
| 245 |
_aFluid mechanics and hydraulic machines / _cby D.K. Mandal...[et.al] |
||
| 260 |
_aNoida _bVikas Publishing House _c2015 |
||
| 270 |
_aE-28,Sector _bNoida _e201301 |
||
| 300 |
_axiii,447p. : _c25cm(pbk) _bill. |
||
| 500 | _aIncludes bibliographical references and index | ||
| 700 | _aChakraborty,S. | ||
| 942 |
_2ddc _cEN _mMAN _h620.106 |
||
| 999 |
_c147449 _d147449 |
||